00450nam a2200181Ia 4500008004100000020001800041050001400059100002300073245001900096245005300115260001500168260001600183260000900199300001500208300002700223300001000250500000800260170918s9999 xx 000 0 und d a9780590424042 bD253 1969 aDavidson, Margaret aHelen Keller / cMargaret Davidson ; illustrated by Wendy Watson. aNew York : bScholastic, c1969 a95 pages : bcolored illustration ; c19cm. a520